00774nam a2200181 a 4500001001000000003000400010005001700014008004100031040002500072100003400097245012900131260009000260300002100350490006200371500003600433586006100469830006200530000045649OSt20210923120010.0150421d1981 dr 000 0 spa d aDO-SdBNPbspacBNPHU1 aDomínguez, Franklin,d1931-10aLisístrata odia la política :bobra teatral en tres actos inspirada en un tema de Aristófanes /cFranklin Domínguez. aSanto Domingo :bSecretaría de Estado de Educación, Bellas Artes y Cultos,c1981. a127 p. ;c21 cm. aPremios nacionales Santo Domingo, República Dominicana. aFeria Nacional del libro, 1981. aPremio nacional de teatro, Cristóbal de Llerena, 1980. 0aPremios nacionales Santo Domingo, República Dominicana.